[Event "ROM-ch U16"]
[Site "Calimanesti Caciulata"]
[Date "2019.04.22"]
[Round "9"]
[White "Rodila, Rares Andrei"]
[Black "Cucoanes, Andrei"]
[Result "0-1"]
[WhiteElo "1514"]
[BlackElo "1686"]
[PlyCount "65"]
[EventDate "2019.04.15"]
[EventType "swiss"]
[EventRounds "9"]
[EventCountry "ROU"]
[SourceTitle "CBM 190 Extra"]
[Source "ChessBase"]
[SourceDate "2019.07.15"]
[SourceVersion "1"]
[SourceVersionDate "2019.07.15"]
[SourceQuality "1"]

1. e4 c6 2. Nf3 d5 3. exd5 cxd5 4. d4 Nc6 5. Nc3 Nf6 6. Bg5 Bf5 7. Bd3 Bg4 8. h3 Bxf3 9. Qxf3 Nxd4 10. Qf4 Nc6 11. Rd1 e5 12. Qg3 Be7 13. Bb5 d4 14. Bxc6+ bxc6 15. Qxe5 c5 16. 0-0 0-0 17. Bxf6 gxf6 18. Qg3+ Kh8 19. Nb5 a6 20. Na3 Rb8 21. Nc4 Qd5 22. b3 Rg8 23. Ne3 Qb7 24. Qh2 dxe3 25. fxe3 Qe4 26. Rd7 Rbd8 27. Rxd8 Bxd8 28. Rf2 c4 29. bxc4 Qxe3 30. Kf1 Re8 31. g3 Bb6 32. Rxf6 Qe1+ 33. Kg2 0-1

[Event "ROM-ch U16"]
[Site "Calimanesti Caciulata"]
[Date "2019.04.16"]
[Round "2"]
[White "Ghimpu, Samuel Timotei"]
[Black "Cucoanes, Andrei"]
[Result "1-0"]
[WhiteElo "2225"]
[BlackElo "1686"]
[PlyCount "68"]
[EventDate "2019.04.15"]
[EventType "swiss"]
[EventRounds "9"]
[EventCountry "ROU"]
[SourceTitle "CBM 190 Extra"]
[Source "ChessBase"]
[SourceDate "2019.07.15"]
[SourceVersion "1"]
[SourceVersionDate "2019.07.15"]
[SourceQuality "1"]

1. e4 Nf6 2. e5 Nd5 3. d4 d6 4. c4 Nb6 5. f4 g6 6. Nc3 Bg7 7. Be3 0-0 8. c5 N6d7 9. Nf3 b6 10. Bc4 dxe5 11. dxe5 Ba6 12. Qe2 Bxc4 13. Qxc4 c6 14. Rd1 Qc7 15. Ne4 b5 16. Qd3 Qa5+ 17. Kf2 Rd8 18. Qb3 Qa4 19. Qxa4 bxa4 20. Rd2 Rc8 21. Rd4 f5 22. exf6 Nxf6 23. Nxf6+ exf6 24. Rxa4 Nd7 25. Rd1 Nf8 26. Rd6 Rc7 27. Ra6 Rac8 28. Nd4 f5 29. Nxc6 Bxb2 30. Nxa7 Rb8 31. Rab6 Rxb6 32. cxb6 Rc2+ 33. Kf1 Rc3 34. b7 Nd7 1-0

[Event "ROM-ch U14"]
[Site "Baile Felix"]
[Date "2017.02.05"]
[Round "4"]
[White "Cucoanes, Andrei"]
[Black "Seres, Sandor1111"]
[Result "0-1"]
[WhiteElo "1350"]
[BlackElo "1001"]
[PlyCount "78"]
[EventDate "2017.02.02"]
[EventType "swiss"]
[EventRounds "9"]
[EventCountry "ROU"]
[SourceTitle "CBM 176 Extra"]
[Source "ChessBase"]
[SourceDate "2017.03.02"]
[SourceVersion "1"]
[SourceVersionDate "2017.03.02"]
[SourceQuality "1"]

1. Nf3 Nc6 2. d4 d5 3. b3 Bg4 4. Nbd2 e6 5. Bb2 Bb4 6. c3 Be7 7. h3 Bh5 8. e3 Nf6 9. Be2 Bg6 10. Nh4 Bh5 11. Bxh5 Nxh5 12. Qxh5 Bxh4 13. 0-0 0-0 14. Rac1 Qg5 15. Qxg5 Bxg5 16. Nf3 Be7 17. c4 dxc4 18. bxc4 Rac8 19. Rfd1 Rfd8 20. a3 h6 21. d5 exd5 22. cxd5 Na5 23. e4 c6 24. Kh2 cxd5 25. Rxc8 Rxc8 26. exd5 Rd8 27. Be5 Bxa3 28. Bc7 Bd6+ 29. Bxd6 Rxd6 30. Kg3 Nc6 31. Nh4 Ne7 32. Ra1 a6 33. Rb1 b6 34. f3 g5 35. Kg4 gxh4 36. Kxh4 Ng6+ 37. Kh5 Kg7 38. g3 Rxd5+ 39. Kg4 Rg5# 0-1